The emigration act, 1983 / (Record no. 39172)

MARC details
000 -LEADER
fixed length control field 00639nam a22001697a 4500
005 - DATE AND TIME OF LATEST TRANSACTION
control field 2010080404204.0
010 ## - LCCN (DPL NO)
LC control number ENG-98127
035 ## - SYSTEM CONTROL NUMBER
System control number EN-81660
037 ## - SOURCE OF ACQUISITION
Source of stock number/acquisition DBAD/PUB
082 ## - DEWEY DECIMAL CLASSIFICATION NUMBER
Classification number 342.73082
245 ## - TITLE STATEMENT
Title The emigration act, 1983 /
260 ## - PUBLICATION, DISTRIBUTION, ETC. (IMPRINT)
Place of publication, distribution, etc Delhi
Name of publisher, distributor, etc Universal Law Publishing
Date of publication, distribution, etc 2010
270 ## - ADDRESS
Address C-FF-1A, Dilkhush Industrial Estate,(Opp. Hans Cinema, Azadpur) G.T. Karnal Road
City Delhi
Postal code 110033
300 i# - PHYSICAL DESCRIPTION
Extent iii, 45p.
Dimensions 24cm (pbk)
942 ## - ADDED ENTRY ELEMENTS (KOHA)
Source of classification or shelving scheme Dewey Decimal Classification
Item type English Books
Classification part 342.73082
Call number suffix EMI
Holdings
Withdrawn status Lost status Not for loan Collection code Home library Current library Date acquired Source of acquisition Cost, normal purchase price Full call number Barcode Copy number Cost, replacement price Koha item type
    Not For Loan Non-fiction D.B.Act.Division D.B.Act.Division 04/08/2010 DBAD/PUB 50.00 342.73082 EMI EN-81660 1 50.00 English Books

© Delhi Public Library
Hit Counter
free hit counter